Teruel, Espagne
Gespeichert in:
| Format: | Buch |
|---|---|
| Sprache: | Französisch |
| Veröffentlicht: |
Paris
OECD
2001
|
| Schriftenreihe: | Examens territoriaux de l'OCDE
Économie territoriale |
| Schlagworte: | |
| Tags: |
Keine Tags, Fügen Sie das erste Tag hinzu!
|
MARC
| LEADER | 00000nam a2200000 4500 | ||
|---|---|---|---|
| 001 | c130269 | ||
| 005 | 20221124103952.0 | ||
| 020 | |a 92-64-28605-5 | ||
| 041 | 0 | |a fre | |
| 044 | |a FR | ||
| 245 | 1 | 0 | |a Teruel, Espagne |
| 264 | 1 | |a Paris |b OECD |c 2001 | |
| 300 | |a 266 s. | ||
| 490 | 1 | |a Examens territoriaux de l'OCDE | |
| 830 | 0 | |a Examens territoriaux de l'OCDE | |
| 490 | 1 | |a Économie territoriale | |
| 830 | 0 | |a Économie territoriale | |
| 610 | 2 | 0 | |a politika regionálna |
| 610 | 2 | 0 | |a regióny |
| 610 | 2 | 0 | |a poľnohospodárstvo |
| 610 | 2 | 0 | |a dotácie |
| 610 | 2 | 0 | |a geografia |
| 610 | 2 | 0 | |a populácia |
| 610 | 2 | 0 | |a politika hospodárska |
| 610 | 2 | 0 | |a infraštruktúra |
| 610 | 2 | 0 | |a produkcia |
| 610 | 2 | 0 | |a turistika |
| 610 | 2 | 0 | |a kultúra |
| 610 | 2 | 0 | |a priemysel |
| 610 | 2 | 0 | |a svet |
| 610 | 2 | 0 | |a Španielsko |
| 610 | 2 | 0 | |a Teruel |
| 610 | 2 | 0 | |a OECD |